Góry i szczyty świata - quiz wielokrotnego wyboru - Statystyki

Ogólne statystyki
  • Ten quiz został rozwiązany 219 razy
  • Średni wynik to 8 z 15
Statystyki odpowiedzi
Zagadnienie Odpowiedź % Poprawnych
Przez które z poniższych pasm górskich przebiega granica między Europą, a Azją? Ural
96%
Jaka jest dokładna wysokość szczytu Mount Everest? 8848 m n.p.m.
89%
Który z podanych szczytów nie leży w Alpach? Gerlach
82%
Które z tych gór leżą w Ameryce Północnej? Kordyliery
76%
W jakim paśmie górskim leży szczyt Kilimandżaro? Nie leży w żadnym paśmie, to po prostu samotny masyw.
74%
Jak nazywa się najwyższy szczyt Turcji? Ararat
62%
Na jakim kontynencie leżą Góry Dynarskie? W Europie
58%
Góra Denali leży w której jednostce administracyjnej Kanady lub USA? Alaska
56%
Jaki jest najwyższy wulkan na świecie, jeżeli liczylibyśmy wysokość od podnóża zamiast od poziomu morza? Mauna Kea
49%
Które z podanych określeń nie odnosi się do pasma górskiego? Kalahari
45%
Jak nazywa się najdłuższe pasmo górskie Antarktydy? Góry Transantarktyczne
37%
Jak nazywa się najwyższy szczyt Oceanii? Puncak Jaya
35%
Czemu szczyt K2 zawdzięcza swoją nazwę? K pochodzi od pasma Karakorum, a 2 od bycia drugim zmapowanym szczytem w tym paśmie.
29%
Jakie podane poniżej pasmo górskie znajduje się blisko granicy Francji i Niemiec? Wogezy
27%
Alpy Południowe leżą w całości w jednym państwie. W jakim? W Nowej Zelandii
26%
Nie znaleziono quizów pasujących do podanych kryteriów
Rozkład punktacji
Procent ludzi z każdym wynikiem
Percentyl według liczby udzielonych odpowiedzi
Twoja historia wyników
Nie rozwiązałeś tego quizu